000 00585nam a2200181Ia 4500
003 GCL
008 140319s9999 xx 000 0 ara d
040 _aGCL /
_cGCL
082 0 4 _a415.1
_bع ك
100 1 _aعبدالحميد السيد عبدالحميد
245 1 0 _aكتاب تصريف الافعال /
_cعبدالحميد السيد عبدالحميد
260 _a[S.N] :
_bالمكتبة الازهرية ،
_c1989
300 _a243 ص
490 _aالمجموعة الصرفية
_v0
650 0 4 _aالنحو
650 0 4 _aاللغة العربية
942 _2ddc
_cBK
999 _c54245
_d54245